Agglomerationen - Frankophoner Raum - Statistiken

Allgemein
  • Dieses Quiz wurde 42 mal gespielt
  • Das Durchschnittsergebnis liegt bei 7 aus 15
Antwortstatistiken
Hint Antwort % Korrekt
10,8 Mio. Paris / Frankreich
100%
1,7 Mio. Lyon / Frankreich
81%
3,7 Mio. Dakar / Senegal
62%
3,7 Mio. Algier / Algerien
57%
16,4 Mio. Kinshasa / DR Kongo
57%
3,7 Mio. Montréal / Kanada
57%
4,3 Mio. Casablanca / Marokko
48%
4,6 Mio. Yaoundé / Kamerun
43%
5,6 Mio. Abidjan / Elfenbeinküste
38%
2,1 Mio. Brazzaville / Kongo
33%
2,8 Mio. Douala / Kamerun
24%
2,8 Mio. Lubumbashi / DR Kongo
19%
2,9 Mio. Mbuji-Mayi / DR Kongo
19%
3,8 Mio. Ouagadougou / Burkina Faso
19%
2,2 Mio. Lomé / Togo
14%
Keine übereinstimmenden Quizze gefunden
Verteilung der Resultate
Anzahl Personen mit jedem Resultat
Perzentil nach korrekt beantworteten Fragen
Ihre Resultats-Entwicklung
Sie haben dieses Quiz noch nicht gespielt